Statistics for Matthew McConaughey Filmography

Click here to take the quiz!

General Stats

  • This quiz has been taken 188 times
    (25 since last reset)
  • The average score is 25 of 96

Answer Stats

TypeYearName% Correct
Film2013Dallas Buyers Club
94%
Film2013The Wolf of Wall Street
94%
Film1993Dazed and Confused
76%
Film2003How to Lose a Guy in 10 Days
76%
Film2014Interstellar
76%
Film2011The Lincoln Lawyer
76%
TV Show2014True Detective
76%
Film1996A Time to Kill
59%
Commercial2014-PresentLincoln
59%
Film1999EDtv
53%
Film2012Magic Mike
53%
TV Show2003, 2015Saturday Night Live
53%
Film2008Tropic Thunder
53%
Film1997Amistad
47%
Film1997Contact
47%
Film2006Failure to Launch
47%
Film2008Fool's Gold
47%
Film2005Sahara
47%
Film2016Sing
47%
Film2019The Beach Bum
47%
Film2019The Gentlemen
47%
Film2016Free State of Jones
41%
Film2009Ghosts of Girlfriends Past
41%
Film2016Gold
41%
Film2012Mud
41%
Film2021Sing 2
41%
Film2001The Wedding Planner
41%
Film2001Frailty
35%
Film2011Killer Joe
35%
Film2002Reign of Fire
35%
Film1994Texas Chainsaw Massacre: The Next Generation
35%
Film1994Angels in the Outfield
29%
Film1996Lone Star
29%
Film2019Serenity
29%
Film2008Surfer, Dude
29%
Film2017The Dark Tower
29%
Film1998The Newton Boys
29%
Film2012The Paperboy
29%
Film2000U-571
29%
Film2018White Boy Rick
29%
Web Series2023Agent Elvis
24%
Film1996Larger than Life
24%
TV Show2000Sex and the City
24%
FilmTBAThe Rivals of Amziah King
24%
Film2015The Sea of Trees
24%
Documentary Series1992Unsolved Mysteries
24%
Film2006We Are Marshall
24%
Film2011Bernie
18%
Film2019Between Two Ferns: The Movie
18%
Film1995Boys on the Side
18%
Short Film2021Come Home
18%
TV Show2010, 2012Eastbound & Down
18%
Video GameTBAExodus
18%
Documentary Series2003Freedom: A History of US
18%
TV Show1999King of the Hill
18%
Film2016Kubo and the Two Strings
18%
Short Film1997Making Sandwiches
18%
Film1993My Boyfriend's Back
18%
Film1996Scorpion Spring
18%
Film2003Tiptoes
18%
Web SeriesTBABrother from Another Mother
12%
TV Show2019Carpool Karaoke
12%
Director1992Chicano Chariots
12%
Documentary2022Deep in the Heart: A Texas Wildlife Story
12%
Podcast2020Hank the Cowdog
12%
Short Film1995Judgement
12%
Music Video1996Key West Intermezzo (I Saw You First)
12%
Short Documentary2005Magnificent Desolation: Walking on the Moon 3D
12%
Film2004Paparazzi
12%
TV Show2017Secret Lives of the Super Rich
12%
Music Video2012Synthesizers
12%
Web Series2021Thanks a Million
12%
Short Film1998The Rebel
12%
Film2002Thirteen Conversations About One Thing
12%
Music Video1992Walkaway Joe
12%
TV Film1999Bonne Nuit
6%
Music Video1994Life in Vain
6%
Commercial2004Stetson Cologne
6%
TV Documentary2002The Lost Dinosaurs of Egypt
6%
Commercial2006US Peace Corps
6%
Commercial2016, 2018Wild Turkey Bourbon
6%
Documentary Series2022Abby's Places
0%
TV Documentary2005Absolute Evel: The Evel Knievel Story
0%
TV Show2016Celebrity Style Story
0%
TV Show2012, 2014Diners, Drive-ins and Dives
0%
Commercial2008, 2013Dolce & Gabanna
0%
Commercial2021Doritos
0%
TV Show2010Guy's Big Bite
0%
TV Special2017Harvey Can't Mess with Texas
0%
TV Show2021Jeopardy!
0%
Film2009Made in China
0%
TV Show2018Snoop Dogg Presents the Joker's Wild
0%
Documentary2015The Science of Interstellar
0%
Documentary1999The Story of Darrell Royal
0%
TV Show2021The Voice
0%
TV Show2006Will & Grace
0%

Score Distribution

Percentile by Number Answered

Percent of People with Each Score

Your Score History

You have not taken this quiz since the last reset